Trudny Quiz - Statystyki

Ogólne statystyki
  • Ten quiz został rozwiązany 413 razy
  • Średni wynik to 6 z 9
Statystyki odpowiedzi
Zagadnienie Odpowiedź % Poprawnych
Kraj który posiada najstarszą flagę świata Dania
100%
Co jest większe Kanada
100%
Jakie państwo posiada teren na Afryce nie wliczając terytoriów zależnych Hiszpania
79%
Ile razy Polska miała medal na MŚ? 2 razy brąz
71%
Jaka jest największa rzeka w Europie Wołga
64%
Który kraj ma najwięcej zwyciężonych bitew Francja
50%
Ile km 2 graniczy Rosję a Stany Zjednoczone 2 km2
36%
A teraz kraj który ma najmłodszą flagę świata? Seszele
36%
Kraj który dominował kilka lat temu z ilością Per Capita. Libia
21%
Nie znaleziono quizów pasujących do podanych kryteriów
Rozkład punktacji
Procent ludzi z każdym wynikiem
Percentyl według liczby udzielonych odpowiedzi
Twoja historia wyników
Nie rozwiązałeś tego quizu